| 000 | 00404cam a2200169ua 4500 | ||
|---|---|---|---|
| 020 | _cRs. 69/- | ||
| 041 |
_aeng _h |
||
| 082 |
_a370.0715 _bSUP/IN |
||
| 100 | _aS.V. Supe, Supe . | ||
| 245 | _aIntriduction to extension education | ||
| 260 |
_a : _boxford & IBH Pub co Pvt Ltd , _c1983. |
||
| 300 | _a186 ; . | ||
| 365 | _aRs. 69/- | ||
| 504 | _a | ||
| 942 | _cBK | ||
| 999 |
_c11228 _d11228 |
||